000 01012nam a2200289 ia4500
005 20200609115409.0
008 200609s2012 -uka j | 001 1 eng d
020 _a9781409312222
_cRM21.95
_qhardback
040 _aPPAK
_beng
_cPPAK
_erda
082 0 4 _a823.92
_223
090 0 0 _a823.92
_bBAR
_dK
100 1 _aBarrie, J. M. (James Matthew),
_d1860-1937
_eauthor.
245 1 0 _aPeter Pan /
_cby Sir J.M. Barrie ; Retold by Joan Collins ; Illustrated by Annie Wilkinson
264 1 _aLondon, United Kingdom :
_bLadybird Books,
_c[2012?]
300 _a71 pages :
_bcolour illustrations ;
_c21 cm
336 _2rdacontent
_atext
337 _2rdamedia
_aunmediated
338 _2rdacarrier
_avolume
490 1 _aLADYBIRD CLASSICS
600 0 0 _aPeter Pan (Fictitious character)
_vJuvenile fiction
650 1 0 _aEnglish fiction
650 2 0 _aChildren's stories, English
700 1 _aCollins, Joan,
_eauthor.
700 1 _aWilkinson, Annie,
_eillustrator.
830 0 _aLadybird classics
942 _2ddc
_cB
999 _c177517
_d177517